The european family : patriarchy to partnership from the Middle Ages to the present /

Bibliographic Details
Main Author: Mitterauer, Michael
Other Authors: Sieder, Reinhard
Format: Book
Language:English
German
Published: Chicago : University of Chicago Press, 1982.
Subjects:

MARC

Tag First Indicator Second Indicator Subfields
LEADER 00000pam a2200000 a 4500
001 in00000048910
005 20151007075737.0
008 811212s1982 ilu b 00110 eng
010 |a  81021954  
020 |a 0226532402 
035 |a (OCoLC)08113221 
035 |9 AAF3743AM 
039 0 |a 2  |b 3  |c 3  |d 3  |e 3 
040 |a DLC  |c DLC  |d TXA  |d UtOrBLW 
041 1 |a eng  |a ger 
043 |a ew----- 
049 |a TXAM  |c [1561542] 
050 0 0 |a HQ503  |b  M513 1982 
082 0 |a 306.8/094  |2 19 
100 1 |a Mitterauer, Michael. 
240 1 0 |a Vom Patriarchat zur Partnerschaft.  |l English 
245 1 4 |a The european family :  |b patriarchy to partnership from the Middle Ages to the present /  |c Michael Mitterauer and Reinhard Sieder ; translated by Karla Oosterveen and Manfred Horziner. 
264 1 |a Chicago :  |b University of Chicago Press,  |c 1982. 
300 |a xv, 235 pages ;  |c 24 cm. 
336 |a text  |b txt  |2 rdacontent 
337 |a unmediated  |b n  |2 rdamedia 
338 |a volume  |b nc  |2 rdacarrier 
500 |a Translation of: Vom Patriarchat zur Partnerschaft. 
500 |a Includes index. 
504 |a Bibliography: pages [178]-226. 
650 0 |a Families  |x History. 
650 0 |a Families  |z Europe  |x History. 
700 1 |a Sieder, Reinhard. 
999 |a MARS 
999 f f |s 5a57de35-ad00-3c89-8595-11fe97dd8ab0  |i 4ab63c96-b506-3a5d-8f83-4a24582dff5a  |t 0 
952 f f |p ric  |a Texas A&M University  |b Rellis Campus  |c Joint Library Facility  |d Remote Storage  |t 0  |e HQ503 M513 1982  |h Library of Congress classification  |i unmediated -- volume  |m A14805941656 
998 f f |a HQ503 M513 1982  |t 0  |l Remote Storage